Southville International School and Colleges
Your cart is empty.
  • Cart
  • Lists
    Public lists Eva Luna New books Lux_list list_1
    Your lists Log in to create your own lists
  • Log in to your account
  • Your cookies
  • Search history
Southville International School and Colleges
  • Advanced search
  • Recent comments
  • Most popular
  • Libraries

Log in to your account

Log in with GOOGLE


If you do not have an external account, but do have a local account, you can still log in:

  1. Home
  2. MARC view: Encouraging physical development through movement-play /
Normal view MARC view ISBD view

Encouraging physical development through movement-play / (Record no. 300762)

[ view plain ]
MARC details
000 -LEADER
fixed length control field 00874cam a22002775i 4500
001 - CONTROL NUMBER
control field 18323344
003 - CONTROL NUMBER IDENTIFIER
control field SISC
005 - DATE AND TIME OF LATEST TRANSACTION
control field 20170116133510.0
008 - FIXED-LENGTH DATA ELEMENTS--GENERAL INFORMATION
fixed length control field 141002s2015 cau 000 0 eng
010 ## - LIBRARY OF CONGRESS CONTROL NUMBER
LC control number 2014953071
020 ## - INTERNATIONAL STANDARD BOOK NUMBER
International Standard Book Number 9781446297124 (pbk.)
020 ## - INTERNATIONAL STANDARD BOOK NUMBER
International Standard Book Number 9781446297117 (hardback)
040 ## - CATALOGING SOURCE
Original cataloging agency DLC
Language of cataloging eng
Description conventions rda
Transcribing agency DLC
042 ## - AUTHENTICATION CODE
Authentication code pcc
050 ## - LIBRARY OF CONGRESS CALL NUMBER
Classification number GV 361
Item number .Ar671 2015
100 1# - MAIN ENTRY--PERSONAL NAME
Personal name Archer, Carol.
245 10 - TITLE STATEMENT
Title Encouraging physical development through movement-play /
Statement of responsibility, etc Carol Archer, Iram Siraj.
250 ## - EDITION STATEMENT
Edition statement 1st edition.
260 ## - PUBLICATION, DISTRIBUTION, ETC. (IMPRINT)
Place of publication, distribution, etc Los Angeles :
Name of publisher, distributor, etc Sage,
Date of publication, distribution, etc 2015.
263 ## - PROJECTED PUBLICATION DATE
Projected publication date 1506
300 ## - PHYSICAL DESCRIPTION
Extent xi, 164 pages :
Other physical details illustrations ;
Dimensions 23 cm.
500 ## - GENERAL NOTE
General note Includes bibliographical references and index.
906 ## - LOCAL DATA ELEMENT F, LDF (RLIN)
a 0
b ibc
c orignew
d 2
e epcn
f 20
g y-gencatlg
942 ## - ADDED ENTRY ELEMENTS (KOHA)
Source of classification or shelving scheme Library of Congress Classification
Koha item type Books
Holdings
Withdrawn status Lost status Source of classification or shelving scheme Damaged status Home library Current library Shelving location Date acquired Source of acquisition Cost, normal purchase price Sub Shelving location Total Checkouts Full call number Barcode Date last seen Price effective from Koha item type
    Library of Congress Classification   College Library College Library Reserve Section 08/30/2016 Library Fund 3995.00     GV 361 .Ar671 2015 C20684 05/15/2018 08/30/2016 Books

Encouraging physical development through movement-play /

APA

Archer C., . (2015). Encouraging physical development through movement-play. Los Angeles: Sage.

Chicago

Archer Carol, . 2015. Encouraging physical development through movement-play. Los Angeles: Sage.

Harvard

Archer C., . (2015). Encouraging physical development through movement-play. Los Angeles: Sage.

MLA

Archer Carol, . Encouraging physical development through movement-play. Los Angeles: Sage. 2015.

  • Place hold
  • Print
  • Cite
  • Add to your cart (remove)
  • Save record
    BIBTEX Dublin Core MARCXML MARC (non-Unicode/MARC-8) MARC (Unicode/UTF-8) MARC (Unicode/UTF-8, Standard) MODS (XML) RIS
  • More searches
    Search for this title in:
    Other Libraries (WorldCat) Other Databases (Google Scholar) Online Stores (Bookfinder.com) Open Library (openlibrary.org)

Exporting to Dublin Core...

SOUTHVILLE LIBRARY

Southville International School and Colleges Library

1281 Tropical Ave. Cor. Luxembourg St., BF Homes International, Las Pinas City

Tel. No. 8256374 / 252358 Loc. 117/146

Powered by Koha